| 000 | 01844cab a2200265 4500 | ||
|---|---|---|---|
| 001 | ABS59286 | ||
| 008 | 090401t1998 xxu||||| |||| 00| 0 eng d | ||
| 035 | _a(Sirsi) u88624 | ||
| 041 | _aeng | ||
| 245 | _aSoS Environment v Fletcher Estates (Harlescott) Ltd | ||
| 260 | _c1998 | ||
| 350 | _a0 | ||
| 490 |
_aEstates Gazette _v[1998] 38 EG 155-160(6) (19 September 1998) |
||
| 520 | _a"SoS Environment v Fletcher Estates (Harlescott) Ltd; Same v Newell and others" CA 11 June 1998. Notices for the purposes of the Land Compensation Act 1961 s22(2)(a) were published and served of the making of a compulsory purchase order by the SoS Transport, to acquire land belonging to the respondent landowners for the construction of a bypass. The respondents applied for certificates of appropriate alternative development under s17 of the Act. Certificates for residential and industrial development were issued. On appeals by the SoS Transport, the appellant SoS Environment allowed the appeals, substituting negative certificates. In the court below the judge held that the relevant date for the purposes of s17(4) was the date for the purposes of s22(2)(a), the date of the notices of the making of the compulsory purchase order. He found that in issuing a certificate the issues behind the scheme should be discounted. SoS appealed. Held: Appeal was allowed. | ||
| 650 | _aBYPASS | ||
| 650 | _aCERTIFICATE OF APPROPRIATE ALTERNATIVE DEVELOPMENT | ||
| 650 | _aCOMPULSORY PURCHASE ORDER | ||
| 650 | _aLAND COMPENSATION ACT 1961 | ||
| 650 | _aROAD CONSTRUCTION | ||
| 650 | _aSOS ENVIRONMENT V FLETCHER ESTATES (HARLESCOTT) LTD | ||
| 650 | _aSOS ENVIRONMENT V NEWELL AND OTHERS | ||
| 690 | _aENVIRONMENTAL AND LAND CONSULTANCY-PLANNING AND DEVELOPMENT-COMPULSORY PURCHASE AND COMPENSATION | ||
| 942 | _n0 | ||
| 948 | _c24/09/1998 | ||
| 999 |
_c56024 _d56024 |
||